Responses for Show #98 - Wednesday, January 23, 1985

Paul Boymel game 4.

Contestants

[<< previous game]

Gary Weisbrod, a diamond cutter from

Jim Timmermann, a newspaper editor from Los Angeles, California

Paul Boymel, an attorney from Potomac, Maryland (whose 3-day cash winnings total $40,000)

[next game >>]

Jeopardy! Round responses

ANIMALS
POTENT POTABLES
MOVIE TRIVIA
GRAMMAR
SHAPING UP
"WRONG"
    $100 17
a smell (bad odor)

Jim
    $100 24
a grasshopper

Paul
    $100 4
the curtains

Gary
    $100 14
a dash

Paul
    $100 20
Jane Fonda

Paul
    $100 2
got up on the wrong side of the bed

Paul
    $200 18
a bird

Gary
    $200 23
ale (beer)

Paul
    $200 3
4

Paul
    $200 13
(Paul: What is slanting?)
(Jim: What is a wavy [*]?)

underlining

PaulJim
    $200 15
a 10K

Gary
    $200 6
(Gary: Um... Sorry.)

She Done Him Wrong

PaulGary
    $300 19
yellow-bellied

Paul
    $300 22
a martini

Paul
    $300 1
(Paul: What is thorns?)

a broken (flower) pot

PaulGary
    $300 12
(Paul: What are apostrophe words?)

numbers

PaulJim
    $300 10
pecs

Paul
    $300 7
Sorry, Wrong Number

Paul
    $400 25
(Gary: What is a bear?)
...
(Alex: Less than a minute to go in the round.)

a dormouse

Gary
Triple Stumper
    $400 26
(Paul: What is Jim Beam?)

Jack Daniel

PaulJim
    $400 5
(Paul: What are my [*]!)

Washington Senators

Paul
    $400 21
(Alex: Yes, "Tastes good as a cigarette should.")

Winston

Paul
    $400 11
carbohydrates

Paul
    $400 8
(Paul: What is "your name is wrong"?)

it's the wrong face

Paul
Triple Stumper
    $1,800 28
(Paul: What is sangria?)
[Huge audible audience reaction as Alex indicates Paul is wrong.]
[The end-of-round signal sounds.]

sherry

Paul
    $500 9
(Paul: I don't remember.)

Southwest General

Paul
Triple Stumper
    $500 27
a semicolon

Paul
    $500 16
isometrics

Gary

Scores at the first commercial break (after clue 12):

Paul Jim Gary
$400 $300 $200

Scores at the end of the Jeopardy! Round:

Paul Jim Gary
$0 $1,000 $700

Double Jeopardy! Round responses

ANCIENT WORLDS
ECONOMICS
PRISON SONGS
ART
U.S. GOVERNMENT
"RIGHT"
    $200 4
Rhodes

Paul
    $200 11
taxes

Paul
    $200 22
a Tijuana jail

Paul
    $200 15
blue

Paul
    $200 5
12

Paul
    $200 17
right wing

Gary
    $400 6
(Paul: [Says nothing])
(Alex: Sorry, you're taking too long.)
(Gary: What is Ruth?)

Esther

PaulJimGary
    $400 10
demand

Paul
    $400 23
tie a yellow ribbon 'round the old oak tree

Paul
    $400 14
Mount Fujiyama

Paul
    $400 3
United States Department of Agriculture

Jim
    $400 24
the Bill of Rights

Paul
    $600 7
the plebeians

Paul
    $1,000 9
gross national product

Paul
    $600 12
Currier & Ives

Paul
    $600 2
coroner

Paul
    $600 25
(Paul: What is it isn't right?)
(Jim: What is the Golden Rule?)
...
[The end-of-round signal sounds.]

two wrongs don't make a right

PaulJim
Triple Stumper
    $800 8
the Roman Colosseum

Paul
    $800 20
(Alex: We've got less than a minute to go in the round.)

Engels

Jim
    $300 16
Folsom (Prison)

Paul
    $800 13
(Jim: Who is, uh, Kipling?)
(Gary: Who is Bacon?)

William Blake

JimGary
Triple Stumper
    $800 1
bicameral

Paul
    $1000 19
(Paul: What is [sounds like] Kurydu?)

Sanskrit

PaulJim
    $1000 21
Parkinson

Paul
    $1000 18
Christopher Wren

Jim

Scores at the end of the Double Jeopardy! Round:

Paul Jim Gary
$6,300 $3,200 -$300

[wagering suggestions for these scores]

Final Jeopardy! Round responses

MARTYRS
JimWho was Joan of Arc?
$3,200
PaulWho is Joan of Arc?
$100
Joan of Arc

Final scores:

Paul Jim Gary
$6,400 $6,400 -$300
4-day co-champion: $46,400 New co-champion: $6,400 2nd place: Sierra hearth stove + R.R. Sheibe Co snack tables

Game dynamics:

Coryat scores:

Paul Jim Gary
$8,200 $3,200 -$300
32 R
(including 2 DDs),
10 W
(including 1 DD)
9 R,
2 W
6 R,
4 W

Combined Coryat: $11,100

[game clues] [game scores] [suggest correction]

Game tape date: 1984-10-17
The J! Archive is created by fans, for fans. Scraping, republication, monetization, and malicious use prohibited; this site may use cookies and collect identifying information. See terms. The Jeopardy! game show and all elements thereof, including but not limited to copyright and trademark thereto, are the property of Jeopardy Productions, Inc. and are protected under law. This website is not affiliated with, sponsored by, or operated by Jeopardy Productions, Inc. Join the discussion at JBoard.tv.